ASTRONOMI YANG MENAKJUBKAN! / (Record no. 173136)
[ view plain ]
| 000 -LEADER | |
|---|---|
| fixed length control field | 01749pam a2200517 i 4500 |
| 001 - CONTROL NUMBER | |
| control field | vtls000757522 |
| 003 - CONTROL NUMBER IDENTIFIER | |
| control field | PNM |
| 005 - DATE AND TIME OF LATEST TRANSACTION | |
| control field | 20190624124345.0 |
| 008 - FIXED-LENGTH DATA ELEMENTS--GENERAL INFORMATION | |
| fixed length control field | 141111t20152010my a g 001 0 may |
| 015 ## - NATIONAL BIBLIOGRAPHY NUMBER | |
| National bibliography number | M15-03866 |
| 020 ## - INTERNATIONAL STANDARD BOOK NUMBER | |
| International Standard Book Number | 9789670798264 |
| Qualifying information | paperback |
| Terms of availability | RM25.00 |
| 039 #9 - LEVEL OF BIBLIOGRAPHIC CONTROL AND CODING DETAIL [OBSOLETE] | |
| Level of rules in bibliographic description | 201509301632 |
| Level of effort used to assign nonsubject heading access points | azeantie |
| Level of effort used to assign subject headings | 201506241156 |
| Level of effort used to assign classification | aidayas |
| Level of effort used to assign subject headings | 201505111533 |
| Level of effort used to assign classification | amy_z |
| Level of effort used to assign subject headings | 201504010841 |
| Level of effort used to assign classification | norsyahiza |
| 040 ## - CATALOGING SOURCE | |
| Original cataloging agency | BNM |
| Language of cataloging | eng |
| Transcribing agency | BNM |
| Modifying agency | PPAK |
| Description conventions | rda |
| 049 ## - LOCAL HOLDINGS (OCLC) | |
| Holding library | klpmal |
| 082 04 - DEWEY DECIMAL CLASSIFICATION NUMBER | |
| Classification number | 520 |
| Edition number | 23 |
| 090 00 - LOCALLY ASSIGNED LC-TYPE CALL NUMBER (OCLC); LOCAL CALL NUMBER (RLIN) | |
| Classification number (OCLC) (R) ; Classification number, CALL (RLIN) (NR) | 520 |
| Feature heading | GRE |
| Feature heading | K |
| 100 1# - MAIN ENTRY--PERSONAL NAME | |
| Personal name | Green, Dan, |
| Relator term | author. |
| 245 10 - TITLE STATEMENT | |
| Title | ASTRONOMI YANG MENAKJUBKAN! / |
| Statement of responsibility, etc. | DAN GREEN ; Penterjemah : Ani Izzuani Mohd Kassim, Nur Ain Hafiza Mat Jusoh |
| 246 33 - VARYING FORM OF TITLE | |
| Display text | Translation of : |
| Title proper/short title | Astronomy out of this world! |
| 264 #1 - PRODUCTION, PUBLICATION, DISTRIBUTION, MANUFACTURE, AND COPYRIGHT NOTICE | |
| Place of production, publication, distribution, manufacture | Kuala Lumpur : |
| Name of producer, publisher, distributor, manufacturer | Institut Terjemahan & Buku Malaysia, |
| Date of production, publication, distribution, manufacture, or copyright notice | 2015 |
| Date of production, publication, distribution, manufacture, or copyright notice | ©2010 |
| 300 ## - PHYSICAL DESCRIPTION | |
| Extent | 128 pages : |
| Other physical details | colour illustrations ; |
| Dimensions | 13 cm. |
| 336 ## - CONTENT TYPE | |
| Content type term | text |
| Source | rdacontent |
| 337 ## - MEDIA TYPE | |
| Media type term | unmediated |
| Source | rdamedia |
| 338 ## - CARRIER TYPE | |
| Carrier type term | volume |
| Source | rdacarrier |
| 490 1# - SERIES STATEMENT | |
| Series statement | Siri Kenali Sains |
| 500 ## - GENERAL NOTE | |
| General note | Includes index |
| 650 10 - SUBJECT ADDED ENTRY--TOPICAL TERM | |
| Topical term or geographic name entry element | Astronomy |
| Form subdivision | Juvenile literature |
| Topical term or geographic name entry element | Space sciences |
| Form subdivision | Juvenile literature |
| 700 0# - ADDED ENTRY--PERSONAL NAME | |
| Personal name | Ani Izzuani Mohd Kassim, |
| Relator term | translator. |
| Personal name | Nur Ain Hafiza Mat Jusoh, |
| Relator term | translator. |
| 830 #0 - SERIES ADDED ENTRY--UNIFORM TITLE | |
| Uniform title | Siri kenali sains |
| 942 ## - ADDED ENTRY ELEMENTS (KOHA) | |
| Source of classification or shelving scheme | Dewey Decimal Classification |
| Koha item type | Book |
| 949 ## - LOCAL PROCESSING INFORMATION (OCLC) | |
| 6 | 1001326925 |
| e | 2342385 |
| 6 | 1001326926 |
| e | 2342386 |
| 6 | 1001326927 |
| e | 2342387 |
| 6 | 1001326928 |
| e | 2342383 |
| 6 | 1001326929 |
| e | 2342384 |
| 6 | 1001326930 |
| e | 2342381 |
| 6 | 1001326931 |
| e | 2342382 |
| 6 | 1001326932 |
| e | 2342380 |
| 6 | 1001326933 |
| e | 2342379 |
| 6 | 1001326934 |
| e | 2342388 |
| s | 2101:20181210 |
| 6 | 2000069425 |
| a | 520 GRE M |
| 6 | 2000069426 |
| a | 520 GRE M |
| Withdrawn | Not for loan | Current library | Shelving location | Date acquired | Full call number | Barcode | Date last seen | Koha item type | Total Checkouts | Total Renewals | Date last checked out |
|---|---|---|---|---|---|---|---|---|---|---|---|
| Not For Loan | Perpustakaan Alor Setar | Rujukan Kanak-kanak | 23/11/2016 | RK 500 GRE | A01500615 | 09/05/2018 | Book | ||||
| Perpustakaan Alor Setar | Pinjaman Kanak-kanak | 01/08/2019 | K 520 GRE | A01611096 | 29/01/2026 | Book | 9 | 1 | 16/12/2025 |